000 00208 a2200097 4500
001 47174
100 _aMars A
245 _aH M S Thule Intercepts
260 _aLondon
_bElek Books
_c
090 _c30230
_d30230
942 _aNUST-CAE
_cM
_c22482
999 _c282247
_d282247